| 000 | 00638nam a2200205 4500 | ||
|---|---|---|---|
| 001 | 144586 | ||
| 003 | ES-MaACL | ||
| 005 | 20250814063237.0 | ||
| 007 | t| | ||
| 008 | 070214s1956 sp r ||||1| spa d | ||
| 100 | 1 |
_aSimenon, Georges, _d1903-1989 _9106467 |
|
| 245 | 1 | 0 |
_aMaigret y el hombre del banco / _cGeorges Simenon ; traducción de F. Cañameras. |
| 260 |
_aBarcelona : _bAlbor, _c1956. |
||
| 300 |
_a235 p. ; _c17 cm. |
||
| 490 | 1 | _aCol. tarántula | |
| 700 | 1 |
_aCanyameres, Ferran, _d1898-1964 _934731 |
|
| 830 | 0 |
_aCol. tarántula _9187371 |
|
| 852 |
_aES-MaACL _jC-12130 _bR.39833 |
||
| 999 |
_c144586 _d144586 |
||